000 00365nam a2200157Ia 4500
008 210716s1998 xx 000 0 und d
020 _a8170299535
041 _aeng
082 _a005.133 PATR
100 _aPatel, R B.
245 _aGo through c.
250 _a1
260 _aNew Delhi
_bBPB Publications
_c1998
300 _a391,24
650 _aC Programming
999 _c183532
_d183532